000 00298nam a22001217a 4500
008 160504b xxu||||| |||| 00| 0 eng d
020 _a9780397554522
020 _a0397554524
041 _aeng
080 _a618.2
245 _aLippincotts review for nclex rn:
_cDiane M. Billings;
942 _2udc
_cBK
999 _c1788
_d1788